000 00379nam a2200145Ia 4500
008 100122s9999 xx 000 0 und d
082 _b60959
_a823.08
100 _aपांडे सुरुचि
245 _aझेन
260 _bग्रंथाली प्रकाशन
_c2001
300 _a100
630 _aझेन
730 _aझेन
942 _cBOOK
999 _c435924
_d435921